LEADER 02303nam 2200481 450 001 9910132263403321 005 20230621135738.0 010 $a9788579830082 (ebook) 035 $a(CKB)3710000000347377 035 $a(SSID)ssj0001669427 035 $a(PQKBManifestationID)16460199 035 $a(PQKBTitleCode)TC0001669427 035 $a(PQKBWorkID)15002985 035 $a(PQKB)10595362 035 $a(WaSeSS)IndRDA00056862 035 $a(oapen)https://directory.doabooks.org/handle/20.500.12854/44349 035 $a(EXLCZ)993710000000347377 100 $a20160829d2009 uy | 101 0 $apor 135 $aur||||||||||| 181 $ctxt 182 $cc 183 $acr 200 10$aCultura gaúcha e separatismo no Rio Grande do Sul$b[electronic resource] /$fCaroline Kraus Luvizotto 210 $cSciELO Books - Editora UNESP$d2009 210 31$aSão Paulo :$cEditora UNESP,$d2009 215 $a1 online resource (93 pages) $cillustrations 300 $aBibliographic Level Mode of Issuance: Monograph 320 $aIncludes bibliographical references. 330 $aEste livro analisa o Movimento Separatista Sulino, muito marcante na década de 90. A reflexão tem como pano de fundo a cultura gaúcha e busca compreender como os aspectos étnicos e o separatismo interagem nesse contexto. Fundamenta o trabalho uma ampla pesquisa de campo composta por questionários e entrevistas, realizada em diversas cidades do Rio Grande do Sul. Para interpretar o ideário separatista a autora também dedica especial atenção aos documentos do próprio movimento. A obra reconstrói alguns aspectos da história do Rio Grande do Sul e da formação de um ideal separatista que constitui uma faceta do processo de globalização e do afloramento e fortalecimento de identidades específicas. 606 $aSocial Conditions$2HILCC 606 $aSociology & Social History$2HILCC 606 $aSocial Sciences$2HILCC 610 $aSOCIAL SCIENCE 615 7$aSocial Conditions 615 7$aSociology & Social History 615 7$aSocial Sciences 700 $aLuvizotto$b Caroline Kraus$0803182 801 0$bPQKB 801 2$bUkMaJRU 912 $a9910132263403321 996 $aCultura gaúcha e separatismo no Rio Grande do Sul$91804452 997 $aUNINA